<?xml version="1.0" encoding="UTF-8"?>
<marc:record xmlns:marc="http://www.loc.gov/MARC21/slim">
   <marc:leader>00000nam a2200000 a 4500</marc:leader>
   <marc:datafield ind1="1" ind2=" " tag="100">
      <marc:subfield code="a">Lacrosse, Marie ::[VerfasserIn]::</marc:subfield>
      <marc:subfield code="4">aut</marc:subfield>
      <marc:subfield code="e">Verfasser/-in</marc:subfield>
   </marc:datafield>
   <marc:datafield ind1="0" ind2="0" tag="245">
      <marc:subfield code="a">::Das:: Weingut - Tage des Schicksals</marc:subfield>
   </marc:datafield>
   <marc:datafield ind1="0" ind2="0" tag="245">
      <marc:subfield code="b">Roman</marc:subfield>
   </marc:datafield>
   <marc:datafield ind1="0" ind2="0" tag="245">
      <marc:subfield code="c">Marie Lacrosse</marc:subfield>
   </marc:datafield>
   <marc:datafield ind1=" " ind2="1" tag="264">
      <marc:subfield code="a">München</marc:subfield>
      <marc:subfield code="b">Goldmann</marc:subfield>
      <marc:subfield code="c">2019</marc:subfield>
   </marc:datafield>
   <marc:datafield ind1="1" ind2=" " tag="490">
      <marc:subfield code="a">::Das:: Weingut ; 3</marc:subfield>
   </marc:datafield>
   <marc:datafield ind1=" " ind2=" " tag="250">
      <marc:subfield code="a">Deutsche Erstveröffentlichung, 1. Auflage</marc:subfield>
   </marc:datafield>
   <marc:datafield ind1="1" ind2=" " tag="520">
      <marc:subfield code="a">Schweighofen, Pfalz, 1877: Franz verbringt mehr und mehr Zeit in Berlin, um sein Weingeschäft voranzutreiben, aber auch, um in der Autonomisten-Partei Elsass-Lothringen zu mehr Rechten zu verhelfen. Irene nimmt ihr Engagement für die ausgebeuteten Arbeiterinnen und Dienstmädchen wieder auf. Sie verstöt damit gegen das Sozialistengesetz und bringt die Familie in Gefahr. Neid und Intrigen tun ihr Übriges, um die Eheleute entzweien zu wollen. Im 3. Band der Weingut-Saga (zuletzt: "Aufbruch in ein neues Leben") steigt die Autorin Lacrosse tief in die bittere Not der Arbeiterinnen und Dienstmädchen ein. Sie entwickelt ein vielschichtiges Diorama der Gesellschaft von den Arbeitslosen bis zu den Reichen, von sozialen Ungerechtigkeiten, Kinderarbeit, Ausbeutung der Arbeitenden bis zum Standesdünkel der Adligen. Bewegend vermittelt sie die Unbarmherzigkeit der alten Klassengesellschaft und die unermüdliche Kampfkraft ihrer Heldin Irene, Weinbau und Medizingeschichte inbegriffen. Gut durchdachter Plot, für an Frauengeschichte Interessierte mit den vorigen Bänden gerne empfohlen</marc:subfield>
   </marc:datafield>
   <marc:datafield ind1=" " ind2=" " tag="020">
      <marc:subfield code="a">9783442205905</marc:subfield>
      <marc:subfield code="9">9783442205905</marc:subfield>
   </marc:datafield>
   <marc:datafield ind1=" " ind2=" " tag="020">
      <marc:subfield code="a">3442205905</marc:subfield>
      <marc:subfield code="9">3442205905</marc:subfield>
   </marc:datafield>
   <marc:datafield ind1=" " ind2=" " tag="300">
      <marc:subfield code="a">734 Seiten</marc:subfield>
   </marc:datafield>
</marc:record>
